000 00841naa a22002537u 4500
001 05216
003 HDC
007 cr bn ---aaaaa
008 210119s2006 ctua b 001 0 eng
040 _aHDC
245 0 _aFlavor Chemistry and Technology. Chapter 9 :
_bFlavoring Materials Made by Processing
260 _a[No Place] :
_b[publisher not identified],
_c2006
300 _a38 pages
336 _atext
_2rdacontent
337 _acomputer
_2rdamedia
338 _aonline resource
_2rdacarrier
500 _aOriginal from book
650 _aFlavor
_95410
650 _aFlavoring essences
_95411
856 _zRequest full-text at [email protected]
942 _2lcc
942 _cCHAP
942 _kEBCH 002668
999 _c2540
_d2540